Statistiques concernant Set 8 : TFT

Cliquez ici pour prendre le quiz!

Statistiques générales

  • Ce quiz a été pris 28 fois
  • Le résultat moyen est 62 sur 153

Statistiques - réponses

Réponse% Correct
Menace / ThreatCho'Gath
62%
Ace | Mecha PRIMORDIAL / Mecha: PrimeDraven
62%
Eclaireur / Recon | Gardien des étoiles / Star GuardianKai'Sa
62%
Duelliste / Duelist | Projet / LaserCorpsYasuo
62%
Duelliste / Duelist | Hacker | Projet / LaserCorpsZed
62%
Aegis | Auroch / Ox force | Mascotte / MascotAlistar
54%
Auroch / Ox force | Lanceuse de sort / Spellslinger | Super-Ado / GadgeteenAnnie
54%
Eclaireur / Recon | Projet / LaserCorpsAshe
54%
Aegis | Farceur / Prankster | Gardien des étoiles / Star GuardianEkko
54%
Auroch / Ox force | Duelliste / DuelistFiora
54%
Civil / Civilian | Mascotte / MascotGalio
54%
Farceur / Prankster | Section Anima / Anima squadJinx
54%
Hacker | Lanceuse de sort / Spellslinger | Programme / AdminLeblanc
54%
Gardien des étoiles / Star Guardian | Lanceuse de sort / SpellslingerLux
54%
Combattant / Brawler | Projet / LaserCorpsRenekton
54%
Ace | Franc-tireur / Sureshot | Gangster / UndergroundSamira
54%
Programme / Admin | Soutien / HeartSoraka
54%
Menace / ThreatUrgot
54%
Aegis | Combattant / Brawler | Gangster / UndergroundVi
54%
Auroch / Ox force | Renégat / RenegadeViego
54%
Arsenal | Auroch / Ox force | Franc-tireur / SureshotAphelios
46%
Combattant / Brawler | Programme / AdminBlitzcrank
46%
SynergiesCombattant / Brawler
46%
Eclaireur / Recon | Gangster / UndergroundEzreal
46%
Civil / Civilian | Miss Météo / ForecasterJanna
46%
Combattant / Brawler | Mecha PRIMORDIAL / Mecha: PrimeJax
46%
Soutien / Heart | Super-Ado / GadgeteenLulu
46%
Ace | Section Anima / Anima squadMiss Fortune
46%
Mascotte / Mascot | Section Anima / Anima squadNasus
46%
Mascotte / Mascot | Super-Ado / GadgeteenNunu
46%
Défenseur / Defender | Super-Ado / GadgeteenPoppy
46%
Menace / ThreatRammus
46%
Défenseur / Defender | Mecha PRIMORDIAL / Mecha: PrimeSett
46%
Gangster / Underground | Lanceuse de sort / Spellslinger | Soutien / HeartSona
46%
Renégat / Renegade | Section Anima / Anima squadSylas
46%
Gardien des étoiles / Star Guardian | Soutien / HeartSyndra
46%
Duelliste / Duelist | Eclaireur / Recon | Section Anima / Anima squadVayne
46%
Menace / ThreatAurelion Sol
38%
SynergiesAuroch / Ox force
38%
Menace / ThreatBel'Veth
38%
Programme / Admin | Renégat / RenegadeCamille
38%
Duelliste / Duelist | Super / SupersGangplank
38%
SynergiesGardien des étoiles / Star Guardian
38%
Duelliste / Duelist | Gangster / UndergroundKayle
38%
Aegis | Mecha PRIMORDIAL / Mecha: Prime | Renégat / RenegadeLeona
38%
Mascotte / Mascot | Super / SupersMalphite
38%
SynergiesMenace / Threat
38%
Ace | Projet / LaserCorpsMordekaiser
38%
SynergiesProjet / LaserCorps
38%
Combattant / Brawler | Projet / LaserCorpsSejuani
38%
SynergiesSoutien / Heart
38%
Menace / ThreatVel'Koz
38%
Défenseur / Defender | Mecha PRIMORDIAL / Mecha: PrimeWukong
38%
Farceur / Prankster | Hacker | Super-Ado / GadgeteenZoé
38%
SynergiesAce
31%
Corrompu / Corrupted | Menace / ThreatFiddlesticks
31%
Combattant / Brawler | Soutien / Heart | Super / SupersLee Sin
31%
Duelliste / Duelist | Gardien des étoiles / Star GuardianNilah
31%
SynergiesProgramme / Admin
31%
Combattant / Brawler | Défenseur / Defender | Section Anima / Anima squadRiven
31%
SynergiesSection Anima / Anima squad
31%
Franc-tireur / Sureshot | Projet / LaserCorpsSenna
31%
Civil / Civilian | Franc-tireur / SureshotSivir
31%
Gardien des étoiles / Star Guardian | Lanceuse de sort / SpellslingerTaliyah
31%
Gardien des étoiles / Star Guardian | Mascotte / Mascot | Soutien / HeartYuumi
31%
Menace / ThreatZac
31%
SynergiesAegis
23%
SynergiesDuelliste / Duelist
23%
SynergiesMascotte / Mascot
23%
SynergiesSuper-Ado / Gadgeteen
23%
Auroch / Ox force | Renégat / RenegadeTalon
23%
SynergiesCivil / Civilian
15%
SynergiesFarceur / Prankster
15%
SynergiesGangster / Underground
15%
SynergiesHacker
15%
SynergiesLanceuse de sort / Spellslinger
15%
Défenseur / Defender | Gardien des étoiles / Star GuardianRell
15%
SynergiesRenégat / Renegade
15%
SynergiesSuper / Supers
15%
SynergiesDéfenseur / Defender
8%
SynergiesEclaireur / Recon
8%
SynergiesFranc-tireur / Sureshot
8%
SynergiesMiss Météo / Forecaster
8%
SynergiesArsenal
0%
SynergiesCorrompu / Corrupted
0%
SynergiesMecha PRIMORDIAL / Mecha: Prime
0%

Distribution des résultats

Percentile par nombre de réponses

% des personnes avec chaque résultat

Votre développement - résultats

Vous n’avez pas pris ce quiz